Country Adjectivals - Statistics

General Stats
  • This quiz has been taken 16 times
  • The average score is 97 of 238
Answer Stats
Hint Answer % Correct
Afghanistan Afghan
85%
Albania Albanian
85%
Algeria Algerian
85%
Angola Angolan
85%
Antigua and Barbuda Antiguan
85%
Armenia Armenian
85%
Azerbaijan Azerbaijani
85%
Bahrain Bahraini
85%
Antigua and Barbuda Barbudan
85%
Andorra Andorran
77%
Argentina Argentinian
77%
Australia Australian
77%
Austria Austrian
77%
Belarus Belarusian
77%
Bahamas Bahamian
69%
Bangladesh Bangladeshi
69%
Czech Republic Czech
69%
Barbados Barbadian
62%
Belgium Belgian
62%
Bolivia Bolivian
62%
Bosnia and Herzegovina Bosnian
62%
Brazil Brazilian
62%
Bulgaria Bulgarian
62%
Burundi Burundian
62%
Cambodia Cambodian
62%
Cameroon Cameroonian
62%
Canada Canadian
62%
Chad Chadian
62%
Chile Chilean
62%
China Chinese
62%
Colombia Colombian
62%
Costa Rica Costa Rican
62%
Croatia Croatian
62%
Cuba Cuban
62%
Dominica | Dominican Republic Dominican
62%
Ecuador Ecuadorian
62%
Egypt Egyptian
62%
Eritrea Eritrean
62%
Estonia Estonian
62%
Ethiopia Ethiopian
62%
Finland Finnish
62%
France French
62%
Gabon Gabonese
62%
Germany German
62%
Greece Greek
62%
Grenada Grenadian
62%
Guatemala Guatemalan
62%
Guinea Guinean
62%
Federated States of Micronesia Micronesian
62%
Argentina Argentine
54%
Botswana Botswana
54%
Brunei Bruneian
54%
Democratic Republic of the Congo | Republic of the Congo Congolese
54%
Denmark Danish
54%
Djibouti Djiboutian
54%
Fiji Fijian
54%
Philippines Filipino
54%
Gambia Gambian
54%
Georgia Georgian
54%
Ghana Ghanaian
54%
Haiti Haitian
54%
Bosnia andHerzegovina Herzegovinian
54%
Hungary Hungarian
54%
India Indian
54%
Indonesia Indonesian
54%
Iran Iranian
54%
Iraq Iraqi
54%
Israel Israeli
54%
Italy Italian
54%
Jamaica Jamaican
54%
Japan Japanese
54%
Jordan Jordanian
54%
Kazakhstan Kazakh
54%
Kenya Kenyan
54%
Kiribati Kiribati
54%
Laos Lao
54%
Latvia Latvian
54%
Lebanon Lebanese
54%
Poland Polish
54%
Portugal Portuguese
54%
Qatar Qatari
54%
Belize Belizean
46%
Netherlands Dutch
46%
Honduras Honduran
46%
Iceland Icelandic
46%
Ireland Irish
46%
Ivory Coast Ivorian
46%
Kosovo Kosovan
46%
Kuwait Kuwaiti
46%
Kyrgyzstan Kyrgyz
46%
Liberia Liberian
46%
Lithuania Lithuanian
46%
Luxembourg Luxembourg
46%
North Macedonia Macedonian
46%
Malawi Malawian
46%
Malaysia Malaysian
46%
Mauritania Mauritanian
46%
Mauritius Mauritian
46%
Mexico Mexican
46%
Moldova Moldovan
46%
Namibia Namibian
46%
Nepal Nepali
46%
Nicaragua Nicaraguan
46%
Nigeria Nigerian
46%
Niger Nigerien
46%
North Korea North Korean
46%
Norway Norwegian
46%
Oman Omani
46%
Pakistan Pakistani
46%
Palau Palauan
46%
Iran Persian
46%
Peru Peruvian
46%
Romania Romanian
46%
Russia Russian
46%
Rwanda Rwandan
46%
Saint Lucia Saint Lucian
46%
Slovakia Slovak
46%
Bhutan Bhutanese
38%
Myanmar Burmese
38%
Cyprus Cypriot
38%
Equatorial Guinea Equatorial Guinean
38%
Guyana Guyanese
38%
Kyrgyzstan Kyrgyzstani
38%
Libya Libyan
38%
Mali Malian
38%
Malta Maltese
38%
Mongolia Mongolian
38%
Morocco Moroccan
38%
Myanmar Myanma
38%
Nauru Nauruan
38%
Nepal Nepalese
38%
New Zealand New Zealand
38%
Papua New Guinea Papuan
38%
Paraguay Paraguayan
38%
Samoa Samoan
38%
Saudi Arabia Saudi
38%
Saudi Arabia Saudi Arabian
38%
Senegal Senegalese
38%
Serbia Serbian
38%
Singapore Singapore
38%
Slovenia Slovene
38%
Slovenia Slovenian
38%
Eswatini Swazi
38%
United Kingdom UK
38%
United Kingdom United Kingdom
38%
United States American
31%
Azerbaijan Azeri
31%
Central African Republic Central African
31%
Comoros Comorian
31%
Kazakhstan Kazakhstani
31%
Laos Laotian
31%
Luxembourg Luxembourgish
31%
Madagascar Malagasy
31%
Marshall Islands Marshallese
31%
Monaco Monacan
31%
Montenegro Montenegrin
31%
Panama Panamanian
31%
Singapore Singaporean
31%
South Korea South Korean
31%
Sri Lanka Sri Lankan
31%
Sweden Swedish
31%
Tanzania Tanzanian
31%
Thailand Thai
31%
East Timor Timorese
31%
Tonga Tongan
31%
Turkey Turkish
31%
Ukraine Ukrainian
31%
Uruguay Uruguayan
31%
Uzbekistan Uzbek
31%
Uzbekistan Uzbekistani
31%
Vanuatu Vanuatuan
31%
Venezuela Venezuelan
31%
Yemen Yemeni
31%
Zambia Zambian
31%
Zimbabwe Zimbabwean
31%
Benin Beninese
23%
Benin Beninois
23%
United Arab Emirates Emirati
23%
Hungary Magyar
23%
Maldives Maldivian
23%
Monaco Monégasque
23%
São Tomé and Príncipe São Toméan
23%
Seychelles Seychellois
23%
Sierra Leone Sierra Leonean
23%
Somalia Somali
23%
South Africa South African
23%
South Sudan South Sudanese
23%
Spain Spanish
23%
Sudan Sudanese
23%
Suriname Surinamese
23%
Eswatini Swati
23%
Switzerland Swiss
23%
Syria Syrian
23%
Taiwan Taiwanese
23%
Tajikistan Tajikistani
23%
Togo Togolese
23%
Tunisia Tunisian
23%
Turkmenistan Turkmen
23%
Tuvalu Tuvaluan
23%
Uganda Ugandan
23%
United States United States
23%
United States U.S.
23%
Vietnam Vietnamese
23%
United Kingdom British
15%
Burkina Faso Burkinabé
15%
Comoros Comoran
15%
Equatorial Guinea Equatoguinean
15%
Greece Hellenic
15%
Israel Israelite
15%
Mozambique Mozambican
15%
Papua New Guinea Papua New Guinean
15%
Philippines Philippine
15%
Saint Vincent and theGrenadines Saint Vincentian
15%
El Salvador Salvadoran
15%
Trinidad and Tobago Trinidadian
15%
Guinea-Bissau Bissau-Guinean
8%
Cape Verde Cabo Verdean
8%
Kyrgyzstan Kirghiz
8%
Kyrgyzstan Kirgiz
8%
Kosovo Kosovar
8%
Liechtenstein Liechtensteiner
8%
Mali Malinese
8%
Saint Kitts and Nevis Nevisian
8%
Solomon Islands Solomon Island
8%
Vatican City Vaticanian
8%
Lesotho Basotho
0%
United Arab Emirates Emiri
0%
United Arab Emirates Emirian
0%
Taiwan Formosan
0%
Saint Kitts and Nevis Kittitian
0%
Latvia Lettish
0%
Madagascar Madagascan
0%
Vanuatu Ni-Vanuatu
0%
San Marino Sammarinese
0%
Trinidad and Tobago Tobagonian
0%
Saint Vincent and theGrenadines Vincentian
0%
No matching quizzes found
Score Distribution
Percent of People with Each Score
Percentile by Number Answered
Your Score History
You have not taken this quiz